| 000 | 00763nam a2200181 a 4500 | ||
|---|---|---|---|
| 001 | 000042197 | ||
| 005 | 20201002040011.0 | ||
| 008 | 131119s1971 sp g 000 0 spa d | ||
| 040 |
_aDO-SdBNP _bspa _cBNPHU |
||
| 100 | 1 |
_aSelma y Salaverde, Bartolomé de, _d1638 - _969207 |
|
| 245 | 1 | 0 |
_a5 Canzoni a tre : _bpara instrumentos de viento o de cuerda y bajo continuo / _cTranscripción por Santiago Kastner. |
| 246 | 1 | 0 |
_aDos Canzoni a Tre : _bpara instrumentos de viento o de cuerda y bajo continuo |
| 260 |
_aBarcelona : _bInstituto Español de Musicología, _c1971. |
||
| 300 |
_a28 p. ; _c32 cm. |
||
| 490 | 1 |
_aMúsica hispana _aserie C música de cámara _v1 |
|
| 700 | 1 |
_aKastner, Santiago _969208 |
|
| 830 | 0 |
_aMúsica hispana _pserie C música de cámara _v1 _969209 |
|
| 999 |
_c41686 _d41686 |
||